00357nam a2200157Ia 4500008004100000041000800041082001400049100001900063245002700082250001400109260002700123300000800150365000700158500000600165650002800171231222s2022 xx 000 0 und d aeng a615.1/SHI aDr.V.M. Shinde aHerbal Drug Technology a6th April bNirali Prakashanc2022 a13p cRS aR aHerbral Drug Technology